Logo CIB grande

SECOND FAO AD HOC EXPERT ADVISORY PANEL FOR THE ASSESSMENT OF PROPORSALS TO AMEND APPENDICES I AND II OF CITES CONCERNING COMMERCIALLY EXPLOITED AQUATIC SPECIES (Registro nro. 234574)

Detalles MARC
000 -LEADER
campo de control de longitud fija 00570nam a2200193Ia 4500
005 - FECHA Y HORA DE LA ÚLTIMA TRANSACCIÓN
campo de control 20250425162709.0
008 - DATOS DE LONGITUD FIJA--INFORMACIÓN GENERAL
campo de control de longitud fija 250425s9999 xx 000 0 und d
041 ## - CÓDIGO DE IDIOMA
Código de lengua del texto/banda sonora o título independiente eng
043 ## - CÓDIGO DE ÁREA GEOGRÁFICA
Código de área geográfica it
082 ## - NÚMERO DE LA CLASIFICACIÓN DECIMAL DEWEY
Número de clasificación 639.4
010 ## - NÚMERO DE CONTROL DE LA BIBLIOTECA DEL CONGRESO
Número de control de LC 97331
245 #0 - MENCIÓN DEL TÍTULO
Título SECOND FAO AD HOC EXPERT ADVISORY PANEL FOR THE ASSESSMENT OF PROPORSALS TO AMEND APPENDICES I AND II OF CITES CONCERNING COMMERCIALLY EXPLOITED AQUATIC SPECIES
250 ## - MENCION DE EDICION
Mención de edición S.E
260 ## - PUBLICACIÓN, DISTRIBUCIÓN, ETC.
Lugar de publicación, distribución, etc. Italia
Nombre del editor, distribuidor, etc. FAO
Fecha de publicación, distribución, etc. 2007
260 ## - PUBLICACIÓN, DISTRIBUCIÓN, ETC.
Lugar de publicación, distribución, etc. ROMA
300 ## - DESCRIPCIÓN FÍSICA
Extensión 133
650 ## - PUNTO DE ACCESO ADICIONAL DE MATERIA--TÉRMINO DE MATERIA
Término de materia o nombre geográfico como elemento de entrada ESPECIES ACUATICAS-MERCADO INTERNACIONAL
942 ## - ELEMENTOS DE ENTRADA SECUNDARIOS (KOHA)
Tipo de ítem Koha Libros
Existencias
Estatus retirado Estado de pérdida Estado de daño No para préstamo Biblioteca de origen Biblioteca actual Fecha de adquisición Coste, precio normal de compra Total de préstamos Código de barras Copia número
        CENTRO NACIONAL DE INVESTIGACIONES MARINAS CENTRO NACIONAL DE INVESTIGACIONES MARINAS 07/03/2016 5.00   D-81835 1

Copyright 2025 ESPOL. Todos los derechos reservados.